000 00375nam a2200157Ia 4500
008 230917s9999||||xx |||||||||||||| ||und||
040 _e141728
_aMAIN
041 _aEnglish
082 _a342 U1A
100 _aUpadhayay, J,J,R.
245 0 _aAdministrative law
250 _a6th ed.
260 _aAllahabad
_bCentral law
_c2006
300 _axlvii, 513p p.
942 _cBK
999 _c140559
_d140559